[Event "2016 South Wales International"]
[Site "Cardiff"]
[Date "2016.07.11"]
[Round "7"]
[Board "23"]
[White "Lutchman Singh, Aishwarya"]
[Black "Jaberansari, Daniel"]
[Result "1/2-1/2"]
[WhiteElo "1443"]
[BlackElo "1265"]
[PlyCount "62"]
[EventDate "2016.07.07"]
[EventRounds "10"]
[EventCountry "WLS"]

1. e4 e6 2. d4 d5 3. Nc3 Nf6 4. e5 Ne4 5. Nxe4 dxe4 6. Qe2 Qxd4 7. f3 Bb4+ 8.
c3 Bxc3+ 9. Bd2 Bxd2+ 10. Qxd2 Qxd2+ 11. Kxd2 exf3 12. Nxf3 Nc6 13. Bb5 Bd7 14.
Rac1 Rb8 15. Rhd1 a6 16. Ba4 O-O 17. Ke3 Rfd8 18. Rc2 Nxe5 19. Bxd7 Rxd7 20.
Rxd7 Nxd7 21. Rxc7 Nf6 22. Ke2 h6 23. Ne5 Nd5 24. Rxf7 Nb4 25. a3 Nc2 26. Re7
Nd4+ 27. Kd3 Nb3 28. Ke3 Na5 29. Rxe6 Rc8 30. Kd2 Nb3+ 31. Kd1 Rd8+ 1/2-1/2

[Event "2016 South Wales International"]
[Site "Cardiff"]
[Date "2016.07.11"]
[Round "8"]
[Board "1"]
[White "Chatalbashev, Boris"]
[Black "Gretarsson, Hjorvar Steinn"]
[Result "0-1"]
[WhiteElo "2545"]
[BlackElo "2550"]
[PlyCount "0"]
[EventDate "2016.07.07"]
[EventRounds "10"]
[EventCountry "WLS"]

1. c4 {[%clk 1:30:57]} e6 {[%clk 1:30:20]} 2. Nf3 {[%clk 1:31:16]} Nf6
{[%clk 1:30:38]} 3. g3 {[%clk 1:31:18]} d5 {[%clk 1:30:49]} 4. Bg2
{[%clk 1:31:40]} dxc4 {[%clk 1:31:10]} 5. Qa4+ {[%clk 1:31:45]} Bd7
{[%clk 1:31:30]} 6. Qxc4 {[%clk 1:32:09]} c5 {[%clk 1:31:52]} 7. Ne5
{[%clk 1:29:39]} Qc8 {[%clk 1:32:17]} 8. Nxd7 {[%clk 1:22:42]} Qxd7
{[%clk 1:32:37]} 9. d3 {[%clk 1:20:32]} Nc6 {[%clk 1:31:30]} 10. Nd2
{[%clk 1:09:29]} Rc8 {[%clk 1:24:18]} 11. Nf3 {[%clk 1:09:19]} Be7
{[%clk 1:21:10]} 12. O-O {[%clk 1:05:55]} O-O {[%clk 1:20:10]} 13. Bd2
{[%clk 0:59:53]} Nd5 {[%clk 1:15:02]} 14. Rfc1 {[%clk 0:59:39]} Rfd8
{[%clk 1:14:06]} 15. a3 {[%clk 0:55:51]} Bf6 {[%clk 1:06:37]} 16. Rab1
{[%clk 0:55:16]} b6 {[%clk 1:00:41]} 17. Qa4 {[%clk 0:50:08]} a5 {[%clk 0:54:45]}
18. h4 {[%clk 0:49:17]} Rc7 {[%clk 0:45:09]} 19. e4 {[%clk 0:40:58]} Nde7
{[%clk 0:43:30]} 20. Bf4 {[%clk 0:41:23]} Rb7 {[%clk 0:38:50]} 21. b4
{[%clk 0:38:57]} axb4 {[%clk 0:32:40]} 22. axb4 {[%clk 0:39:23]} cxb4
{[%clk 0:32:02]} 23. Qa6 {[%clk 0:30:28]} Bc3 {[%clk 0:19:21]} 24. Be3
{[%clk 0:30:04]} Nb8 {[%clk 0:17:14]} 25. Qa2 {[%clk 0:27:40]} Qxd3
{[%clk 0:16:28]} 26. Bf1 {[%clk 0:24:01]} Qd7 {[%clk 0:15:14]} 27. Rd1
{[%clk 0:22:51]} Qe8 {[%clk 0:14:22]} 28. Bb5 {[%clk 0:13:31]} Nbc6
{[%clk 0:13:46]} 29. Qa6 {[%clk 0:13:30]} Rbb8 {[%clk 0:11:15]} 30. Bxb6
{[%clk 0:12:30]} Rxd1+ {[%clk 0:11:11]} 31. Rxd1 {[%clk 0:12:58]} Qc8
{[%clk 0:11:08]} 32. Qxc8+ {[%clk 0:11:35]} Nxc8 {[%clk 0:10:27]} 33. Bxc6
{[%clk 0:09:39]} Nxb6 {[%clk 0:10:48]} 34. Rb1 {[%clk 0:09:52]} Nc4
{[%clk 0:10:02]} 35. Ba4 {[%clk 0:09:45]} Nb2 {[%clk 0:08:15]} 36. Bb3
{[%clk 0:09:40]} Nd3 {[%clk 0:06:44]} 37. Bc2 {[%clk 0:08:16]} Nc5
{[%clk 0:06:52]} 38. Kf1 {[%clk 0:08:32]} Kf8 {[%clk 0:06:38]} 39. Ke2
{[%clk 0:08:43]} Ke7 {[%clk 0:06:10]} 40. Nd2 {[%clk 0:08:29]} Bxd2
{[%clk 0:04:37]} 41. Kxd2 {[%clk 0:06:06]} b3 {[%clk 0:04:40]} 42. Kc1
{[%clk 0:03:18]} Rc8 {[%clk 0:04:57]} 43. Bd1 {[%clk 0:03:28]} Nxe4+
{[%clk 0:05:17]} 44. Kb2 {[%clk 0:03:51]} Nxf2 {[%clk 0:05:38]} 0-1

[Event "2016 South Wales International"]
[Site "Cardiff"]
[Date "2016.07.11"]
[Round "8"]
[Board "2"]
[White "Petrov, Marian"]
[Black "Nielsen, Lars Aaes"]
[Result "1-0"]
[WhiteElo "2461"]
[BlackElo "2234"]
[PlyCount "0"]
[EventDate "2016.07.07"]
[EventRounds "10"]
[EventCountry "WLS"]

1. e4 {[%clk 1:30:53]} e6 {[%clk 1:30:56]} 2. Qe2 {[%clk 1:31:10]} d5
{[%clk 1:31:00]} 3. exd5 {[%clk 1:31:03]} Nf6 {[%clk 1:30:59]} 4. d4
{[%clk 1:27:06]} Nxd5 {[%clk 1:25:27]} 5. Nf3 {[%clk 1:27:27]} c5
{[%clk 1:22:06]} 6. g3 {[%clk 1:23:00]} Nc6 {[%clk 1:19:31]} 7. dxc5
{[%clk 1:20:30]} Bxc5 {[%clk 1:19:56]} 8. Bg2 {[%clk 1:20:54]} O-O
{[%clk 1:19:10]} 9. O-O {[%clk 1:21:14]} b6 {[%clk 1:12:27]} 10. c4
{[%clk 1:18:50]} Nde7 {[%clk 1:02:02]} 11. Rd1 {[%clk 1:16:48]} Qe8
{[%clk 1:00:31]} 12. Nc3 {[%clk 1:15:21]} Bb7 {[%clk 0:57:55]} 13. a3
{[%clk 1:12:47]} a5 {[%clk 0:57:29]} 14. Nb5 {[%clk 1:13:11]} Rd8
{[%clk 0:57:03]} 15. Bf4 {[%clk 0:59:25]} Nf5 {[%clk 0:52:32]} 16. Rxd8
{[%clk 0:58:46]} Nxd8 {[%clk 0:51:24]} 17. Rd1 {[%clk 0:57:33]} f6
{[%clk 0:40:49]} 18. Bd6 {[%clk 0:43:58]} Nxd6 {[%clk 0:39:44]} 19. Nxd6
{[%clk 0:44:21]} Qe7 {[%clk 0:39:33]} 20. Nxb7 {[%clk 0:36:24]} Nxb7
{[%clk 0:39:48]} 21. Bh3 {[%clk 0:36:38]} Re8 {[%clk 0:33:59]} 22. Ne1
{[%clk 0:31:46]} Bd6 {[%clk 0:26:33]} 23. Nc2 {[%clk 0:30:51]} Be5
{[%clk 0:21:37]} 24. b4 {[%clk 0:30:10]} axb4 {[%clk 0:20:55]} 25. axb4
{[%clk 0:30:35]} Rd8 {[%clk 0:21:04]} 26. Re1 {[%clk 0:27:11]} Re8
{[%clk 0:17:18]} 27. f4 {[%clk 0:25:56]} Bc3 {[%clk 0:16:50]} 28. Qxe6+
{[%clk 0:26:10]} Kf8 {[%clk 0:16:11]} 29. Qxe7+ {[%clk 0:23:33]} Rxe7
{[%clk 0:16:37]} 30. Rxe7 {[%clk 0:22:15]} Kxe7 {[%clk 0:17:02]} 31. Kf2
{[%clk 0:22:37]} Nd6 {[%clk 0:15:24]} 32. Ke3 {[%clk 0:22:36]} Bb2
{[%clk 0:09:56]} 33. Kd3 {[%clk 0:22:25]} b5 {[%clk 0:05:05]} 34. c5
{[%clk 0:22:32]} Nc4 {[%clk 0:04:57]} 35. Nd4 {[%clk 0:19:12]} Bxd4
{[%clk 0:04:45]} 36. Kxd4 {[%clk 0:19:35]} Nd2 {[%clk 0:04:26]} 37. Kd5
{[%clk 0:19:03]} Nf3 {[%clk 0:04:05]} 38. c6 1-0

[Event "2016 South Wales International"]
[Site "Cardiff"]
[Date "2016.07.11"]
[Round "8"]
[Board "3"]
[White "Arkell, Keith C"]
[Black "Martin, Lewis"]
[Result "1/2-1/2"]
[WhiteElo "2455"]
[BlackElo "2053"]
[PlyCount "0"]
[EventDate "2016.07.07"]
[EventRounds "10"]
[EventCountry "WLS"]

1. d4 {[%clk 1:19:06]} Nf6 {[%clk 1:30:36]} 2. Nf3 {[%clk 1:19:31]} g6
{[%clk 1:30:58]} 3. c4 {[%clk 1:19:54]} Bg7 {[%clk 1:31:23]} 4. Nc3
{[%clk 1:20:18]} O-O {[%clk 1:31:41]} 5. g3 {[%clk 1:20:44]} d6 {[%clk 1:32:03]}
6. Bg2 {[%clk 1:21:09]} Nbd7 {[%clk 1:31:55]} 7. O-O {[%clk 1:21:32]} e5
{[%clk 1:31:56]} 8. e4 {[%clk 1:21:57]} exd4 {[%clk 1:31:49]} 9. Nxd4
{[%clk 1:22:23]} Ne5 {[%clk 1:28:32]} 10. b3 {[%clk 1:21:28]} Nc6
{[%clk 1:28:54]} 11. Nde2 {[%clk 1:17:32]} a5 {[%clk 1:28:45]} 12. Bb2
{[%clk 1:16:27]} Nd7 {[%clk 1:25:21]} 13. Qd2 {[%clk 1:16:23]} Nc5
{[%clk 1:25:20]} 14. Nd5 {[%clk 1:15:59]} Bxb2 {[%clk 1:21:55]} 15. Qxb2
{[%clk 1:16:24]} f5 {[%clk 1:22:20]} 16. exf5 {[%clk 1:09:23]} Bxf5
{[%clk 1:21:02]} 17. Rad1 {[%clk 1:09:42]} Ne5 {[%clk 1:15:44]} 18. Nd4
{[%clk 1:04:35]} Bd3 {[%clk 1:06:41]} 19. Rfe1 {[%clk 1:04:26]} c6
{[%clk 1:06:25]} 20. f4 {[%clk 0:55:49]} Bxc4 {[%clk 0:56:02]} 21. fxe5
{[%clk 0:20:18]} Bxd5 {[%clk 0:55:37]} 22. Bxd5+ {[%clk 0:18:41]} cxd5
{[%clk 0:56:00]} 23. e6 {[%clk 0:18:47]} Qf6 {[%clk 0:50:00]} 24. Qg2
{[%clk 0:17:07]} Ne4 {[%clk 0:46:52]} 25. Nb5 {[%clk 0:11:06]} Rae8
{[%clk 0:29:59]} 26. Nc7 {[%clk 0:03:44]} Qc3 {[%clk 0:30:07]} 27. Rxe4
{[%clk 0:04:10]} dxe4 {[%clk 0:25:48]} 28. Nxe8 {[%clk 0:04:35]} Qe3+
{[%clk 0:26:09]} 29. Kh1 {[%clk 0:05:04]} Rf2 {[%clk 0:26:25]} 30. e7
{[%clk 0:03:39]} Rxg2 {[%clk 0:24:13]} 31. Nf6+ {[%clk 0:03:08]} Kg7
{[%clk 0:24:33]} 32. e8=Q {[%clk 0:03:23]} Rg1+ {[%clk 0:24:35]} 1/2-1/2

[Event "2016 South Wales International"]
[Site "Cardiff"]
[Date "2016.07.11"]
[Round "8"]
[Board "4"]
[White "L'ami, Alina"]
[Black "Wells, Peter K"]
[Result "0-1"]
[WhiteElo "2339"]
[BlackElo "2419"]
[PlyCount "0"]
[EventDate "2016.07.07"]
[EventRounds "10"]
[EventCountry "WLS"]

1. d4 {[%clk 1:30:58]} Nf6 {[%clk 1:21:30]} 2. c4 {[%clk 1:31:23]} e6
{[%clk 1:21:37]} 3. Nc3 {[%clk 1:31:47]} Bb4 {[%clk 1:22:02]} 4. Qc2
{[%clk 1:32:13]} O-O {[%clk 1:22:03]} 5. a3 {[%clk 1:32:37]} Bxc3+
{[%clk 1:22:28]} 6. Qxc3 {[%clk 1:33:03]} d6 {[%clk 1:21:58]} 7. Bg5
{[%clk 1:32:43]} Nbd7 {[%clk 1:21:48]} 8. f3 {[%clk 1:28:13]} h6 {[%clk 1:15:13]}
9. Bh4 {[%clk 1:27:52]} e5 {[%clk 1:11:19]} 10. e4 {[%clk 1:19:48]} Re8
{[%clk 1:07:50]} 11. d5 {[%clk 1:11:52]} a5 {[%clk 0:53:50]} 12. Bd3
{[%clk 1:07:21]} Nc5 {[%clk 0:39:02]} 13. Bc2 {[%clk 1:05:03]} b5
{[%clk 0:37:08]} 14. Bxf6 {[%clk 0:57:36]} Qxf6 {[%clk 0:37:32]} 15. cxb5
{[%clk 0:58:01]} a4 {[%clk 0:36:22]} 16. b4 {[%clk 0:50:04]} axb3
{[%clk 0:36:34]} 17. Bxb3 {[%clk 0:50:31]} Qg6 {[%clk 0:27:55]} 18. g4
{[%clk 0:36:38]} f5 {[%clk 0:22:10]} 19. exf5 {[%clk 0:34:33]} Bxf5
{[%clk 0:22:22]} 20. gxf5 {[%clk 0:25:06]} Qg2 {[%clk 0:21:54]} 21. Ra2
{[%clk 0:23:22]} Qxh1 {[%clk 0:21:21]} 22. Kf1 {[%clk 0:23:45]} Rf8
{[%clk 0:13:24]} 23. Qxc5 {[%clk 0:12:37]} dxc5 {[%clk 0:13:25]} 24. d6+
{[%clk 0:13:05]} Kh8 {[%clk 0:11:46]} 25. dxc7 {[%clk 0:12:11]} Rxf5
{[%clk 0:11:04]} 26. Bd5 {[%clk 0:11:28]} Rg5 {[%clk 0:11:17]} 27. Bxa8
{[%clk 0:11:34]} Qxg1+ {[%clk 0:11:37]} 28. Ke2 {[%clk 0:11:58]} Rg2+
{[%clk 0:11:46]} 29. Kd3 {[%clk 0:12:21]} Qd4# 0-1

[Event "2016 South Wales International"]
[Site "Cardiff"]
[Date "2016.07.11"]
[Round "8"]
[Board "5"]
[White "Braun, Walter"]
[Black "Marusenko, Petr"]
[Result "1/2-1/2"]
[WhiteElo "2207"]
[BlackElo "2226"]
[PlyCount "0"]
[EventDate "2016.07.07"]
[EventRounds "10"]
[EventCountry "WLS"]

1. d4 {[%clk 1:30:55]} d5 {[%clk 1:30:48]} 2. Bf4 {[%clk 1:31:18]} Nf6
{[%clk 1:31:08]} 3. e3 {[%clk 1:31:44]} e6 {[%clk 1:31:34]} 4. Nd2
{[%clk 1:31:43]} c5 {[%clk 1:31:55]} 5. c3 {[%clk 1:32:08]} Nc6 {[%clk 1:32:20]}
6. Ngf3 {[%clk 1:32:33]} Bd6 {[%clk 1:32:30]} 7. Bg3 {[%clk 1:32:51]} O-O
{[%clk 1:32:47]} 8. Bd3 {[%clk 1:32:32]} b6 {[%clk 1:32:56]} 9. e4
{[%clk 1:30:25]} dxe4 {[%clk 1:32:21]} 10. Nxe4 {[%clk 1:30:48]} Nxe4
{[%clk 1:32:40]} 11. Bxe4 {[%clk 1:31:13]} Bb7 {[%clk 1:33:05]} 12. dxc5
{[%clk 1:31:27]} Bxc5 {[%clk 1:33:09]} 13. Qa4 {[%clk 1:30:59]} Rc8
{[%clk 1:32:00]} 14. Rd1 {[%clk 1:31:16]} Qf6 {[%clk 1:05:22]} 15. Bh4
{[%clk 1:17:55]} Qh6 {[%clk 1:05:31]} 16. O-O {[%clk 1:02:19]} f5
{[%clk 1:02:56]} 17. Bb1 {[%clk 1:01:14]} a6 {[%clk 0:52:13]} 18. Rd7
{[%clk 0:54:22]} Na5 {[%clk 0:45:14]} 19. Rxb7 {[%clk 0:48:42]} Nxb7
{[%clk 0:45:38]} 20. Qd7 {[%clk 0:49:02]} Rb8 {[%clk 0:35:19]} 21. Bg5
{[%clk 0:41:49]} Qg6 {[%clk 0:35:40]} 22. Bf4 {[%clk 0:41:50]} Qe8
{[%clk 0:20:19]} 23. Qd3 {[%clk 0:33:11]} Ra8 {[%clk 0:10:47]} 1/2-1/2

[Event "2016 South Wales International"]
[Site "Cardiff"]
[Date "2016.07.11"]
[Round "8"]
[Board "6"]
[White "Rudd, Jack"]
[Black "Webb, Laurence E"]
[Result "1-0"]
[WhiteElo "2213"]
[BlackElo "2286"]
[PlyCount "0"]
[EventDate "2016.07.07"]
[EventRounds "10"]
[EventCountry "WLS"]

1. d4 {[%clk 1:30:59]} Nf6 {[%clk 1:30:45]} 2. c4 {[%clk 1:31:23]} c5
{[%clk 1:31:05]} 3. d5 {[%clk 1:31:48]} b5 {[%clk 1:31:31]} 4. cxb5
{[%clk 1:32:10]} a6 {[%clk 1:31:55]} 5. bxa6 {[%clk 1:32:33]} g6 {[%clk 1:32:15]}
6. Nc3 {[%clk 1:32:54]} Bg7 {[%clk 1:32:17]} 7. e4 {[%clk 1:33:17]} O-O
{[%clk 1:32:33]} 8. Nf3 {[%clk 1:33:14]} Qa5 {[%clk 1:32:44]} 9. Bd3
{[%clk 1:33:12]} Nxd5 {[%clk 1:30:20]} 10. exd5 {[%clk 1:32:31]} Bxc3+
{[%clk 1:30:33]} 11. bxc3 {[%clk 1:32:54]} Qxc3+ {[%clk 1:30:42]} 12. Qd2
{[%clk 1:33:14]} Qxa1 {[%clk 1:29:45]} 13. O-O {[%clk 1:33:00]} Bxa6
{[%clk 1:16:24]} 14. Bb2 {[%clk 1:33:07]} Qxa2 {[%clk 1:16:12]} 15. Bb1
{[%clk 1:32:27]} Qc4 {[%clk 1:03:44]} 16. Re1 {[%clk 1:32:29]} f6
{[%clk 0:59:14]} 17. Qh6 {[%clk 1:27:40]} Rf7 {[%clk 0:57:59]} 18. Bxg6
{[%clk 1:24:30]} Rg7 {[%clk 0:20:53]} 19. Ng5 {[%clk 1:24:37]} hxg6
{[%clk 0:15:40]} 20. Bxf6 {[%clk 1:25:00]} Qf1+ {[%clk 0:15:11]} 21. Rxf1
{[%clk 1:25:22]} exf6 {[%clk 0:15:36]} 22. Re1 {[%clk 1:25:33]} fxg5
{[%clk 0:15:03]} 23. Re8+ {[%clk 1:25:54]} Kf7 {[%clk 0:15:28]} 24. Qh8
{[%clk 1:26:16]} Kf6 {[%clk 0:13:42]} 25. Rf8+ {[%clk 1:26:38]} Ke5
{[%clk 0:12:50]} 26. Qxg7+ {[%clk 1:27:00]} Kxd5 {[%clk 0:13:11]} 27. Qg8+
{[%clk 1:27:22]} 1-0

[Event "2016 South Wales International"]
[Site "Cardiff"]
[Date "2016.07.11"]
[Round "8"]
[Board "7"]
[White "Sigurdsson, Birkir Karl"]
[Black "Wallace, Paul"]
[Result "0-1"]
[WhiteElo "1883"]
[BlackElo "2243"]
[PlyCount "0"]
[EventDate "2016.07.07"]
[EventRounds "10"]
[EventCountry "WLS"]

1. d4 {[%clk 1:30:57]} Nf6 {[%clk 1:30:56]} 2. c4 {[%clk 1:31:15]} e5
{[%clk 1:30:01]} 3. e3 {[%clk 1:29:47]} Bb4+ {[%clk 1:28:26]} 4. Nc3
{[%clk 1:29:07]} exd4 {[%clk 1:26:52]} 5. exd4 {[%clk 1:29:15]} O-O
{[%clk 1:27:15]} 6. Bd3 {[%clk 1:28:29]} Re8+ {[%clk 1:26:20]} 7. Nge2
{[%clk 1:28:53]} d5 {[%clk 1:26:36]} 8. O-O {[%clk 1:27:52]} Bg4 {[%clk 1:22:42]}
9. Bg5 {[%clk 1:25:25]} dxc4 {[%clk 1:17:39]} 10. Bxc4 {[%clk 1:25:37]} Nc6
{[%clk 1:17:59]} 11. f3 {[%clk 1:22:22]} Bf5 {[%clk 1:11:43]} 12. Nd5
{[%clk 1:20:16]} Be7 {[%clk 1:11:47]} 13. Nxe7+ {[%clk 1:20:03]} Qxe7
{[%clk 1:12:08]} 14. Ng3 {[%clk 1:18:47]} Be6 {[%clk 1:05:01]} 15. Re1
{[%clk 1:15:52]} Qd6 {[%clk 0:59:31]} 16. Bxe6 {[%clk 1:14:03]} Rxe6
{[%clk 0:56:34]} 17. Bxf6 {[%clk 1:12:07]} Rxe1+ {[%clk 0:56:50]} 18. Qxe1
{[%clk 1:12:29]} Qxf6 {[%clk 0:57:09]} 19. Rd1 {[%clk 1:11:53]} Nxd4
{[%clk 0:55:52]} 20. Qe4 {[%clk 1:06:18]} Rd8 {[%clk 0:54:19]} 21. Nf5
{[%clk 0:57:11]} Nxf5 {[%clk 0:53:00]} 22. Rxd8+ {[%clk 0:56:05]} Qxd8
{[%clk 0:53:23]} 23. Qxf5 {[%clk 0:56:27]} g6 {[%clk 0:53:34]} 24. Qe5
{[%clk 0:55:22]} Qd6 {[%clk 0:51:24]} 25. Qe2 {[%clk 0:52:13]} h5
{[%clk 0:49:20]} 26. g3 {[%clk 0:50:44]} c5 {[%clk 0:39:39]} 27. Kg2
{[%clk 0:49:17]} a6 {[%clk 0:33:19]} 28. a4 {[%clk 0:49:13]} Qc6 {[%clk 0:30:35]}
29. b3 {[%clk 0:46:08]} b5 {[%clk 0:30:38]} 30. a5 {[%clk 0:45:10]} c4
{[%clk 0:28:42]} 31. bxc4 {[%clk 0:44:50]} bxc4 {[%clk 0:29:03]} 32. Qb2
{[%clk 0:43:51]} c3 {[%clk 0:29:09]} 33. Qb6 {[%clk 0:44:04]} Qc4
{[%clk 0:29:15]} 34. Qb8+ {[%clk 0:44:04]} Kh7 {[%clk 0:29:20]} 35. Qb1
{[%clk 0:43:59]} Qe2+ {[%clk 0:25:04]} 36. Kg1 {[%clk 0:43:11]} c2
{[%clk 0:25:24]} 0-1

[Event "2016 South Wales International"]
[Site "Cardiff"]
[Date "2016.07.11"]
[Round "8"]
[Board "8"]
[White "Whitehead, Mark A"]
[Black "Byron, Alan M"]
[Result "1/2-1/2"]
[WhiteElo "1969"]
[BlackElo "2136"]
[PlyCount "0"]
[EventDate "2016.07.07"]
[EventRounds "10"]
[EventCountry "WLS"]

1. e4 {[%clk 1:20:31]} e5 {[%clk 1:30:45]} 2. Nf3 {[%clk 1:20:27]} Nc6
{[%clk 1:31:07]} 3. Bb5 {[%clk 1:19:42]} a6 {[%clk 1:31:26]} 4. Ba4
{[%clk 1:19:47]} Nf6 {[%clk 1:31:45]} 5. O-O {[%clk 1:19:40]} Be7
{[%clk 1:32:02]} 6. Re1 {[%clk 1:19:39]} b5 {[%clk 1:32:21]} 7. Bb3
{[%clk 1:19:55]} d6 {[%clk 1:31:54]} 8. c3 {[%clk 1:19:52]} O-O {[%clk 1:31:54]}
9. h3 {[%clk 1:19:45]} Nb8 {[%clk 1:30:51]} 10. d4 {[%clk 1:18:46]} Nbd7
{[%clk 1:31:12]} 11. Nbd2 {[%clk 1:15:57]} Bb7 {[%clk 1:30:57]} 12. Bc2
{[%clk 1:15:16]} Re8 {[%clk 1:30:13]} 13. Nf1 {[%clk 1:14:21]} Bf8
{[%clk 1:29:34]} 14. Ng3 {[%clk 1:14:07]} g6 {[%clk 1:29:39]} 15. a4
{[%clk 1:08:37]} c5 {[%clk 1:25:30]} 16. d5 {[%clk 1:03:50]} c4 {[%clk 1:22:49]}
17. b4 {[%clk 0:51:23]} cxb3 {[%clk 1:17:40]} 18. Bxb3 {[%clk 0:51:39]} Qc7
{[%clk 1:11:20]} 19. Bd2 {[%clk 0:45:24]} Nc5 {[%clk 1:00:59]} 20. Bc2
{[%clk 0:43:41]} bxa4 {[%clk 0:55:47]} 21. Bxa4 {[%clk 0:43:04]} Nxa4
{[%clk 0:55:35]} 22. Qxa4 {[%clk 0:40:58]} Nd7 {[%clk 0:55:41]} 23. Reb1
{[%clk 0:35:10]} Reb8 {[%clk 0:48:47]} 24. c4 {[%clk 0:30:56]} Be7
{[%clk 0:40:19]} 25. Ba5 {[%clk 0:25:45]} 1/2-1/2

[Event "2016 South Wales International"]
[Site "Cardiff"]
[Date "2016.07.11"]
[Round "8"]
[Board "9"]
[White "Longson, Sarah N"]
[Black "Morcom, Huw"]
[Result "1-0"]
[WhiteElo "2117"]
[BlackElo "1952"]
[PlyCount "0"]
[EventDate "2016.07.07"]
[EventRounds "10"]
[EventCountry "WLS"]

1. e4 {[%clk 1:30:59]} c5 {[%clk 1:30:41]} 2. Nf3 {[%clk 1:31:18]} d6
{[%clk 1:30:58]} 3. d4 {[%clk 1:31:37]} cxd4 {[%clk 1:31:17]} 4. Nxd4
{[%clk 1:32:03]} Nf6 {[%clk 1:31:37]} 5. Nc3 {[%clk 1:32:29]} a6 {[%clk 1:31:49]}
6. Bc4 {[%clk 1:31:47]} e6 {[%clk 1:31:01]} 7. Bb3 {[%clk 1:31:47]} Be7
{[%clk 1:30:42]} 8. O-O {[%clk 1:23:06]} Qc7 {[%clk 1:28:55]} 9. a4
{[%clk 1:22:51]} Bd7 {[%clk 1:28:56]} 10. Be3 {[%clk 1:19:50]} Nc6
{[%clk 1:29:19]} 11. f4 {[%clk 1:18:52]} Na5 {[%clk 1:26:54]} 12. Qe2
{[%clk 1:05:35]} Rc8 {[%clk 1:26:12]} 13. Rae1 {[%clk 0:57:39]} Nxb3
{[%clk 1:24:38]} 14. cxb3 {[%clk 0:51:21]} O-O {[%clk 1:24:34]} 15. g4
{[%clk 0:47:18]} Bc6 {[%clk 1:24:08]} 16. Bf2 {[%clk 0:47:12]} e5
{[%clk 1:15:14]} 17. Nf5 {[%clk 0:36:56]} Bd8 {[%clk 1:13:36]} 18. g5
{[%clk 0:34:30]} Nd7 {[%clk 1:13:31]} 19. Rc1 {[%clk 0:31:28]} Re8
{[%clk 1:11:49]} 20. Rfd1 {[%clk 0:29:59]} exf4 {[%clk 1:11:42]} 21. Nxd6
{[%clk 0:28:21]} Bxg5 {[%clk 1:11:37]} 22. Nxc8 {[%clk 0:24:48]} Qxc8
{[%clk 1:11:43]} 23. Qg4 {[%clk 0:24:14]} Ne5 {[%clk 1:11:35]} 24. Qxc8
{[%clk 0:24:26]} Rxc8 {[%clk 1:11:59]} 25. Nd5 {[%clk 0:22:30]} f5
{[%clk 1:12:04]} 26. exf5 {[%clk 0:18:15]} Rd8 {[%clk 1:11:49]} 27. Rc5
{[%clk 0:15:01]} Nd7 {[%clk 1:09:45]} 28. Rc3 {[%clk 0:12:51]} Ne5
{[%clk 1:08:43]} 29. h4 {[%clk 0:11:09]} Bxh4 {[%clk 1:06:18]} 30. Bxh4
{[%clk 0:11:32]} Rxd5 {[%clk 1:06:41]} 31. Rxd5 {[%clk 0:11:55]} Bxd5
{[%clk 1:07:03]} 32. Rc8+ {[%clk 0:07:59]} Kf7 {[%clk 1:07:24]} 33. Rc7+
{[%clk 0:08:26]} Kg8 {[%clk 1:07:31]} 34. Rc5 {[%clk 0:08:00]} Nf3+
{[%clk 1:05:09]} 35. Kf2 {[%clk 0:08:03]} Be4 {[%clk 1:05:07]} 36. Rc4
{[%clk 0:05:58]} Bd5 {[%clk 1:00:34]} 37. Rxf4 {[%clk 0:05:02]} Nxh4
{[%clk 1:00:40]} 38. Rxh4 {[%clk 0:05:27]} Bxb3 {[%clk 1:00:44]} 39. Rd4
{[%clk 0:02:08]} Bc2 {[%clk 1:00:06]} 40. Rd8+ {[%clk 0:01:26]} Kf7
{[%clk 1:00:28]} 41. Rd7+ {[%clk 0:30:15]} Kf8 {[%clk 1:30:27]} 42. Rxb7
{[%clk 0:28:11]} Bxa4 {[%clk 1:30:49]} 43. Ke3 {[%clk 0:27:38]} Bb5
{[%clk 1:29:04]} 44. b4 {[%clk 0:27:44]} h6 {[%clk 1:27:11]} 45. Kf4
{[%clk 0:27:28]} Be2 46. Rc7 Kg8 {[%clk 1:23:05]} 47. Ke5 {[%clk 0:26:24]} h5
{[%clk 1:21:40]} 48. Kf4 {[%clk 0:24:12]} h4 1-0

[Event "2016 South Wales International"]
[Site "Cardiff"]
[Date "2016.07.11"]
[Round "8"]
[Board "10"]
[White "Ralphs, Nigel"]
[Black "Gosling, Brian G E"]
[Result "1-0"]
[WhiteElo "2000"]
[BlackElo "1842"]
[PlyCount "0"]
[EventDate "2016.07.07"]
[EventRounds "10"]
[EventCountry "WLS"]

1. e4 {[%clk 1:30:58]} e6 {[%clk 1:30:54]} 2. d4 {[%clk 1:31:23]} d5
{[%clk 1:31:20]} 3. e5 {[%clk 1:31:38]} c5 {[%clk 1:31:39]} 4. c3
{[%clk 1:32:04]} Nc6 {[%clk 1:32:02]} 5. Nf3 {[%clk 1:32:30]} Nge7
{[%clk 1:31:45]} 6. Na3 {[%clk 1:32:36]} cxd4 {[%clk 1:31:20]} 7. cxd4
{[%clk 1:33:02]} Nf5 {[%clk 1:31:43]} 8. Nc2 {[%clk 1:33:23]} Be7
{[%clk 1:31:42]} 9. Bd3 {[%clk 1:26:53]} h5 {[%clk 1:28:05]} 10. Bxf5
{[%clk 1:17:51]} exf5 {[%clk 1:28:23]} 11. h4 {[%clk 1:18:12]} Be6
{[%clk 1:26:54]} 12. Bg5 {[%clk 1:08:11]} Bxg5 {[%clk 1:12:13]} 13. Nxg5
{[%clk 1:08:29]} Qa5+ {[%clk 1:11:02]} 14. Kf1 {[%clk 0:51:38]} f4
{[%clk 1:03:05]} 15. Nxe6 {[%clk 0:50:57]} fxe6 {[%clk 1:03:26]} 16. Rh3
{[%clk 0:46:46]} O-O-O {[%clk 0:47:48]} 17. Kg1 Rdf8 18. b4 {[%clk 0:28:44]} Qd8
{[%clk 0:47:39]} 19. Qd2 {[%clk 0:28:20]} Kb8 {[%clk 0:34:37]} 20. Ra3
{[%clk 0:27:43]} b6 {[%clk 0:24:39]} 21. Rc3 {[%clk 0:27:39]} Ne7
{[%clk 0:23:56]} 22. b5 {[%clk 0:25:17]} Nc8 23. Nb4 {[%clk 0:24:03]} Qxh4
{[%clk 0:23:37]} 24. Na6+ {[%clk 0:16:51]} Ka8 {[%clk 0:17:41]} 25. Rac1
{[%clk 0:16:25]} f3 {[%clk 0:17:37]} 26. gxf3 {[%clk 0:16:28]} Kb8 1-0

[Event "2016 South Wales International"]
[Site "Cardiff"]
[Date "2016.07.11"]
[Round "8"]
[Board "11"]
[White "James, Dai"]
[Black "Fathallah, Joe"]
[Result "1/2-1/2"]
[WhiteElo "1926"]
[BlackElo "1960"]
[PlyCount "0"]
[EventDate "2016.07.07"]
[EventRounds "10"]
[EventCountry "WLS"]

1. f4 {[%clk 1:30:00]} d5 {[%clk 1:30:14]} 2. Nf3 {[%clk 1:29:28]} Nf6
{[%clk 1:30:00]} 3. g3 {[%clk 1:29:16]} g6 {[%clk 1:29:53]} 4. Bg2
{[%clk 1:29:30]} Bg7 {[%clk 1:30:13]} 5. O-O {[%clk 1:29:52]} O-O
{[%clk 1:30:38]} 6. d3 {[%clk 1:28:08]} c5 {[%clk 1:29:43]} 7. Qe1
{[%clk 1:22:32]} Nc6 {[%clk 1:26:39]} 8. e4 {[%clk 1:18:33]} dxe4
{[%clk 1:25:53]} 9. dxe4 {[%clk 1:18:40]} e5 {[%clk 1:16:43]} 10. Nc3
{[%clk 1:17:55]} b6 {[%clk 1:14:43]} 11. Be3 {[%clk 1:07:56]} Ng4
{[%clk 1:09:04]} 12. Rd1 {[%clk 1:03:58]} Nd4 {[%clk 1:04:43]} 13. fxe5
{[%clk 0:54:14]} Nxf3+ {[%clk 0:59:45]} 14. Bxf3 {[%clk 0:45:13]} Qe8
{[%clk 0:56:11]} 15. Bf4 {[%clk 0:38:14]} Nxe5 {[%clk 0:54:44]} 16. Bg2
{[%clk 0:36:46]} Ba6 {[%clk 0:50:47]} 17. Rf2 {[%clk 0:35:16]} Rd8
{[%clk 0:39:03]} 18. Nd5 {[%clk 0:27:24]} 1/2-1/2